00329nam a2200109Ia 4500008004100000041000800041082001500049100002500064245008900089260003400178365000700212230303s9999 xx 000 0 und d aeng a512.02 ENN aMc Guire (George. C) aComputer Algebra Recipes An Introductory Guide to the Mathematical Models of Science aSPRINGERbMc Guire (George. C cRS